000 00863nam a2200205 a 4500
008 120416s1971 ||||||||||||||||| || u
020 _a0521080797
050 _aHD 59.7 Dev
100 _aRobinson, Ronald Edward, 1920-
245 1 0 _aDeveloping the Third World: the experience of nineteen-sixties
_cedited by Ronald Robinson
260 _aCambridge:
_bCambridge University Press
_c1971
300 _ax, 289p.
350 _a0.00
490 _aCambridge Commonwealth series
500 _aSelection of papers from the Cambridge conferences on development. -Includes bibliographies.
650 _aECONOMIC DEVELOPMENT--CONGRESSES
650 _aECONOMIC ASSISTANCE--CONGRESSES
650 0 _aMANAGEMENT
995 _D0.00
_FCBU-MAIN LIBRARY (Kitwe)
_H1
_I4.00
_M1
_UAVAILABLE
_ZAnnex Low-Usage Collection
999 _c39925
_d39925